000 00600nam a2200205 i 4500
001 89265
003 ES-MaACL
005 20230906180131.0
007 t|
008 050105s1978 sp ||||1| spa d
100 1 _aLarmat, Jacques.
_970271
245 1 3 _aLa genética de la inteligencia /
_cJacques Larmat ; [versión, F. Fontanals].
260 _aMadrid :
_bRialp,
_c[1978]
300 _a254 p. :
_bil. ;
_c19 cm.
490 1 _aBolsillo Rialp
700 1 _aFontanals, Francisco.
_951605
830 0 _aBolsillo Rialp
_9183623
852 _aES-MaACL
_jA-8714
_bR.97915
999 _c89265
_d89265